1371 1962 1898 1711 1694 1084 1582 1028 1378 1528 1474 1900 1277 1334 1617 1977 1058 1237 1762 1401 1358 1450 1315 1692 1640 1595 1919 1390 1686 1673 1599 1291 1588 1612 1475 1805 1498 1774 1732 1507 1685 1485 1597 1800 1599 1585 1122 1854 1403 1060 1478 1712 1118 1790 1951 1221 1398 1238 1581 1277 1511 1377 1737 1344 1696 1018 1269 1150 1215 1237 1236 1801 1163 1630 1078 1924 1768 1223 1531 1645 1973 1400 1393 1628 1490 1775 1322 1361 1615 1230 1897 1283 1454 1169 1074 1211 1476 1287 1162 BCNSPRNW ULIB Ver.6.0+V

เปลี่ยนเป็นภาษาไทย

Change to English
 แสดงรายละเอียดบรรณานุกรม
  กลับหน้าหลัก

Brief Record : Get Marc (ISO 2709) : E-mail record : QR code < ปิดหน้าต่าง
LEADER : 00000nam 2200000uu 4500
001    13399124295
003     ULIB
008    150220s2557||||th 000 0 tha d
020    ^a9786165517980
060 04 ^aWE168^bต367
110 1  ^aมหาวิทยาลัยมหิดล. ^bคณะแพทยศาสตร์โรงพยาบาลรามาธิบดี. ^bภาควิชาออ์โธปิดิกส์
245 00 ^aตำราแก่นความรู้ทางออร์โธปิดิกส์ สำหรับแพทยศาสตรบัณฑิต = Textbook of Orthopedic Core Knowledge for Medical Doctor /^cบรรณาธิการ, อารี ตนาวลี; สีหธัช งามอูโฆษ; ยงศักดิ์ หวังรุ่งทรัพย์
250    ^aพิมพ์ครั้งที่ 1.
260    ^aกรุงเทพฯ :^bภาควิชาออร์โธปิดิกส์ คณะแพทยศาสตร์ จุฬาลงกรณ์มหาวิทยาลัย,^c2557.
300    ^a372 หน้า :^bภาพประกอบ ;^c28 ซม.
650  4 ^aศัลยกรรมกระดูก
650  4 ^aกระดูก^xศัลยกรรม
700 0  ^aลีหธัช งามอุโฆษ,^eผู้แต่งร่วม
700 0  ^aยงศักดิ์ หวังรุ่งทรัพย์. ผู้แต่งร่วม
945    ^p1000^l0^i22875
945    ^p1000^l0^i22876
999    ^aทศพร เกษรทอง
รายการนี้ยังไม่มีแท็ก
คุณยังไม่ได้ล็อกอิน คุณสามารถมีกิจกรรมร่วมกับเว็บไซต์ได้ แต่ต้องล็อกอินก่อน ::
  ล็อกอิน

รายการสื่อสารสนเทศ

ลำดับที่ ประเภท เลขเรียก/บาร์โค้ด สถานที่ สถานะ
1. วิทยาศาสตร์การแพทย์ และสุขภาพ
วิทยาศาสตร์การแพทย์ และสุขภาพ
สถานะ=หนังสือเก่า
WE168 ต367 ฉ.1 
  Barcode: 22875
ห้องสมุดวิทยาเขตนครสวรรค์
►ส่วนจัดเก็บหนังสือเก่า นว.
บนชั้น
  ขอยืม
2. วิทยาศาสตร์การแพทย์ และสุขภาพ
วิทยาศาสตร์การแพทย์ และสุขภาพ
สถานะ=หนังสือเก่า
WE168 ต367 ฉ.2 
  Barcode: 22876
ห้องสมุดวิทยาเขตนครสวรรค์
►ส่วนจัดเก็บหนังสือเก่า นว.
บนชั้น
  ขอยืม

รายการใกล้เคียง
    หัวเรื่อง [ศัลยกรรมกระดูก]

BibComment


ยังไม่เคยถูกคอมเมนท์

คอมเมนท์ทรัพยากรรายการนี้
  คอมเมนท์: ตำราแก่นความรู้ท..


 Copyright 2026. Bcnsprnw @Library